Draw 50 cars, trucks, and motorcycles / (Record no. 1210)

MARC details
000 -LEADER
fixed length control field 01131cam a2200325 a 4500
005 - DATE AND TIME OF LATEST TRANSACTION
control field 20260322212051.0
008 - FIXED-LENGTH DATA ELEMENTS--GENERAL INFORMATION
fixed length control field data
010 ## - LIBRARY OF CONGRESS CONTROL NUMBER
LC control number 85013157
020 ## - INTERNATIONAL STANDARD BOOK NUMBER
International Standard Book Number 0385246390 (pbk.)
Terms of availability {dollar}10.95
020 ## - INTERNATIONAL STANDARD BOOK NUMBER
International Standard Book Number 0385190603 (lib. bdg.)
020 ## - INTERNATIONAL STANDARD BOOK NUMBER
International Standard Book Number 9780385190602 (lib. bdg.)
020 ## - INTERNATIONAL STANDARD BOOK NUMBER
International Standard Book Number 9780385246392 (pbk.)
Terms of availability {dollar}10.95
040 ## - CATALOGING SOURCE
Original cataloging agency DLC
Transcribing agency DLC
Modifying agency DLC
042 ## - AUTHENTICATION CODE
Authentication code lcac
050 00 - LIBRARY OF CONGRESS CALL NUMBER
Classification number NC825.M64
Item number A44 1986
082 00 - DEWEY DECIMAL CLASSIFICATION NUMBER
Classification number 743/.896292
Edition information 19
092 ## - LOCALLY ASSIGNED DEWEY CALL NUMBER (OCLC)
Classification number 743 A44 1986
001 - CONTROL NUMBER
control field data
100 1# - MAIN ENTRY--PERSONAL NAME
Personal name Ames, Lee J.
245 10 - TITLE STATEMENT
Title Draw 50 cars, trucks, and motorcycles /
Statement of responsibility, etc. Lee J. Ames.
250 ## - EDITION STATEMENT
Edition statement 1st ed.
260 ## - PUBLICATION, DISTRIBUTION, ETC.
Place of publication, distribution, etc. Garden City, N.Y. :
Name of publisher, distributor, etc. Doubleday,
Date of publication, distribution, etc. c1986.
300 ## - PHYSICAL DESCRIPTION
Extent [61] p. :
Other physical details chiefly ill. ;
Dimensions 32 cm.
520 ## - SUMMARY, ETC.
Summary, etc. Provides step-by-step instructions on how to draw a variety of cars, trucks, and motorcycles, including Ford Thunderbird, dump trucks, and minibikes.
650 #0 - SUBJECT ADDED ENTRY--TOPICAL TERM
Topical term or geographic name entry element Motor vehicles in art
General subdivision Juvenile literature.
650 #0 - SUBJECT ADDED ENTRY--TOPICAL TERM
Topical term or geographic name entry element Drawing
General subdivision Juvenile literature.
-- Juvenile literature.
650 #1 - SUBJECT ADDED ENTRY--TOPICAL TERM
Topical term or geographic name entry element Motor vehicles in art.
650 #1 - SUBJECT ADDED ENTRY--TOPICAL TERM
Topical term or geographic name entry element Drawing
General subdivision Technique.
740 0# - ADDED ENTRY--UNCONTROLLED RELATED/ANALYTICAL TITLE
Uncontrolled related/analytical title Draw fifty cars, trucks, and motorcycles.
Holdings
Withdrawn status Lost status Damaged status Not for loan Home library Current library Shelving location Date acquired Total checkouts Full call number Barcode Date last seen Price effective from Koha item type
        Centerville Centerville General stacks 22/03/2026   743/.896292 19 BC0011249 22/03/2026 22/03/2026 Books